<?xml version="1.0" encoding="UTF-8"?>
<collection xmlns="http://www.loc.gov/MARC21/slim">
 <record>
  <leader>00749pamaa2200253   4500</leader>
  <controlfield tag="001">0000041395</controlfield>
  <controlfield tag="005">20070131090000.0</controlfield>
  <controlfield tag="008">070131         nyu                 eng  </controlfield>
  <datafield tag="020" ind1="0" ind2="0">
   <subfield code="a">1556220782 (pbk) </subfield>
  </datafield>
  <datafield tag="082" ind1=" " ind2=" ">
   <subfield code="a">794.8 BUC</subfield>
  </datafield>
  <datafield tag="090" ind1="0" ind2="0">
   <subfield code="a">QA76.76.C672 </subfield>
   <subfield code="b">BUC 2005</subfield>
  </datafield>
  <datafield tag="100" ind1="1" ind2="0">
   <subfield code="a">BUCKLAND </subfield>
  </datafield>
  <datafield tag="245" ind1="1" ind2="0">
   <subfield code="a">Programming game AI by example  </subfield>
   <subfield code="c">Mat Buckland.</subfield>
  </datafield>
  <datafield tag="260" ind1="0" ind2="0">
   <subfield code="a">Plano, Texas: </subfield>
   <subfield code="b">Wordware Pub, </subfield>
   <subfield code="c">2005.</subfield>
  </datafield>
  <datafield tag="300" ind1=" " ind2=" ">
   <subfield code="a">xxi, 495 p: </subfield>
   <subfield code="b">ill.; </subfield>
   <subfield code="c">23 cm.</subfield>
  </datafield>
  <datafield tag="504" ind1="0" ind2="0">
   <subfield code="a">Includes bibliographical references (p. 477-478) and index</subfield>
  </datafield>
  <datafield tag="650" ind1="0" ind2="0">
   <subfield code="a">Computer games -- </subfield>
   <subfield code="x">Design </subfield>
  </datafield>
  <datafield tag="650" ind1="0" ind2="0">
   <subfield code="a">Computer graphics </subfield>
  </datafield>
  <datafield tag="650" ind1="0" ind2="0">
   <subfield code="a">Artificial intelligence </subfield>
  </datafield>
  <datafield tag="650" ind1="0" ind2="0">
   <subfield code="a">Computer games -- </subfield>
   <subfield code="x">Programming </subfield>
  </datafield>
  <datafield tag="901" ind1=" " ind2=" ">
   <subfield code="u">http://www.wordware.com</subfield>
  </datafield>
 </record>
</collection>
